00994 2200313 4500001002100000005001500021035002000036007000300056008004100059020002200100082001400122084001600136100003400152245012300186250002900309300005000338650000900388700003400397504003300431264004200464336002100506337003000527338002300557040002200580090002200602850001200624999002200636990002200658INLIS00000000085999920210519013841 a0010-0521000580ta210519s2020 yoia g | ind d a978-623-6822-15-904223a641.1 a641.1 HAN p0 aHans Tandrad1951-ePengarang10aPintar memilih minumam antiobesitas & diabetes :bno more juice and boba /cHans Tandra; penyunting, Dian Christine F. aEdisi I, Cetakan I: 2020 ax, 106 halaman :bilustrasi berwarna ;c21 cm 4aDiet0 aDian Christine F.ePenyunting aBibliografi: halaman 101-10431aYogyakarta :bRapha Publishing,c2020 2rdacontentateks 2rdamediaatanpa perantara 2rdacarrieravolume aYOPDYOGbinderda aCB-D.11 2020-2441 aYOPDYOG aCB-D.11/2020-2441 aCB-D.11/2020-2441